[Event "Madrid ch - Previa A"]
[Site "Madrid ESP"]
[Date "2010.11.25"]
[Round "9.9"]
[White "Lopez Rodriguez, Eduardo"]
[Black "Cano Cabanillas, Javier"]
[Result "0-1"]
[WhiteElo "1861"]
[BlackElo "1918"]
[PlyCount "82"]
[EventDate "2010.11.10"]
[EventType "swiss"]
[EventRounds "9"]
[EventCountry "ESP"]
[Source "lmi"]
[SourceDate "2010.11.10"]

1. e4 d5 2. exd5 Qxd5 3. Nf3 Nf6 4. Nc3 Qd6 5. d4 a6 6. Bc4 b5 7. Bb3 Bb7 8.
O-O e6 9. Re1 Be7 10. Ng5 h6 11. Nxe6 fxe6 12. Rxe6 Qd7 13. Qe2 Nc6 14. Be3 Na5
15. Re5 Nxb3 16. axb3 Kf7 17. Bd2 Bd6 18. f4 Qg4 19. Qf2 b4 20. h3 Qxg2+ 21.
Qxg2 Bxg2 22. Kxg2 bxc3 23. bxc3 Bxe5 24. fxe5 Ne4 25. Rf1+ Ke7 26. Bc1 Nxc3
27. Rf3 Nb5 28. Be3 Rad8 29. Rf4 Nc3 30. Rg4 Kf7 31. h4 Rhe8 32. h5 Re6 33. Kf3
Rc6 34. Rg2 Kg8 35. Bg1 Rf8+ 36. Ke3 Rf5 37. Rh2 Re6 38. Kd3 Rf3+ 39. Kc4 Rc6+
40. Kb4 Nd5+ 41. Ka5 Rf1 0-1

[Event "Madrid ch - Previa A"]
[Site "Madrid ESP"]
[Date "2010.11.25"]
[Round "9.10"]
[White "Martin-consuegra Barrilero, Javier"]
[Black "Canseco Arenas, Alfonso"]
[Result "1-0"]
[WhiteElo "1908"]
[BlackElo "1808"]
[PlyCount "125"]
[EventDate "2010.11.10"]
[EventType "swiss"]
[EventRounds "9"]
[EventCountry "ESP"]
[Source "lmi"]
[SourceDate "2010.11.10"]

1. d4 Nf6 2. Bf4 c5 3. dxc5 Qa5+ 4. Qd2 Qxc5 5. Nc3 Qb4 6. O-O-O a6 7. f3 Nc6
8. e4 e6 9. g4 h6 10. h4 Qa5 11. Bd6 b5 12. Kb1 b4 13. Nce2 Qb6 14. Bxf8 Kxf8
15. Qd6+ Kg8 16. Nc1 a5 17. Nh3 Qe3 18. Qf4 Qxf4 19. Nxf4 Ne5 20. Bg2 a4 21.
Ncd3 Nc4 22. Nxb4 e5 23. Nfd5 Nxd5 24. Nxd5 Ba6 25. Bf1 Rb8 26. Bxc4 Bxc4 27.
Rh2 Kh7 28. a3 Rb7 29. Nb4 Rhb8 30. c3 f6 31. Rd6 Be6 32. Rhd2 Rb6 33. Kc1 Kg6
34. Rxb6 Rxb6 35. Nd5 Rb7 36. Ne7+ Kf7 37. Nf5 Rb6 38. Nd6+ Kf8 39. h5 Rb8 40.
Nf5 Rb6 41. Ne3 Rc6 42. Nc2 Ke8 43. Nb4 Rb6 44. Kc2 Kf8 45. Kd3 Ke8 46. Ke3 Kf7
47. Nd5 Rb7 48. Kd3 Bxd5 49. exd5 Rc7 50. c4 Rb7 51. Kc2 Rb3 52. Rd3 Rb7 53. b4
d6 54. Rc3 Ke7 55. Kd3 Kd7 56. Ke4 Ke7 57. c5 dxc5 58. Rxc5 Kd7 59. Rc6 Ra7 60.
Kf5 Rb7 61. Kg6 Rb5 62. Rc5 Rb7 63. Kxg7 1-0

[Event "Madrid ch - Previa A"]
[Site "Madrid ESP"]
[Date "2010.11.25"]
[Round "9.11"]
[White "Olano Lanchas, Dionisio"]
[Black "Tirado Parra, Alberto"]
[Result "0-1"]
[WhiteElo "1765"]
[BlackElo "1908"]
[PlyCount "122"]
[EventDate "2010.11.10"]
[EventType "swiss"]
[EventRounds "9"]
[EventCountry "ESP"]
[Source "lmi"]
[SourceDate "2010.11.10"]

1. d4 f5 2. c4 Nf6 3. Nc3 e6 4. Qd3 Be7 5. g3 O-O 6. Bg2 d5 7. c5 a5 8. Nf3 Nc6
9. Bf4 b6 10. cxb6 cxb6 11. O-O Ne4 12. a3 Ba6 13. Qd1 Rc8 14. Rc1 Bf6 15. Re1
g5 16. Be5 g4 17. Bxf6 Qxf6 18. Ne5 Nxe5 19. dxe5 Qxe5 20. Qb3 Qd4 21. Nxe4
fxe4 22. e3 Qd2 23. Qd1 Qxf2+ 24. Kh1 Be2 25. Qd2 Rxc1 26. Rxc1 Bd3 27. Qd1 h5
28. Rc6 Qxb2 29. Rxe6 Rf2 30. Qg1 Rc2 31. Bf1 Bxf1 32. Qxf1 Rc1 33. Re8+ Kg7
34. Re7+ Kg6 35. Re6+ Kg5 36. Re5+ Kh6 37. Re6+ Kh7 38. Re7+ Kh8 39. Re8+ Kg7
40. Re7+ Kg6 41. Re6+ Kg5 42. Re5+ Qxe5 43. Qxc1 Qf6 44. Kg1 Qf3 45. Qd2 Kg6
46. Qd4 Qf6 47. Qd1 Qc3 48. Qxd5 Qxe3+ 49. Kg2 Qf3+ 50. Kg1 e3 51. Qg8+ Kf5 52.
Qf7+ Ke5 53. Qxh5+ Kd4 54. Qh8+ Kd3 55. Qh7+ Kd2 56. Qd7+ Ke1 57. h4 gxh3 58.
Qxh3 Qf2+ 59. Kh1 Qf1+ 60. Kh2 Qxh3+ 61. Kxh3 Kf2 0-1

[Event "Madrid ch - Previa A"]
[Site "Madrid ESP"]
[Date "2010.11.25"]
[Round "9.12"]
[White "Noriega De La Sierra, Antonio"]
[Black "Perez Del Amo, Jorge"]
[Result "0-1"]
[WhiteElo "1862"]
[BlackElo "1812"]
[PlyCount "60"]
[EventDate "2010.11.10"]
[EventType "swiss"]
[EventRounds "9"]
[EventCountry "ESP"]
[Source "lmi"]
[SourceDate "2010.11.10"]

1. d4 Nf6 2. c4 e6 3. Nc3 Bb4 4. Nf3 b6 5. g3 Ba6 6. Qa4 Be7 7. Bg2 Bb7 8. O-O
O-O 9. Re1 d5 10. Ne5 c5 11. e3 Nfd7 12. cxd5 Nxe5 13. dxe5 exd5 14. Rd1 Bc6
15. Qg4 Qc7 16. f4 d4 17. Nd5 Bxd5 18. Bxd5 Nc6 19. Qf3 Rac8 20. Bd2 Rfd8 21.
Rac1 dxe3 22. Bxe3 Nb4 23. Bc4 Nc6 24. a3 Na5 25. Bd5 Nc6 26. Rd2 Kf8 27. Rcd1
Nd4 28. Qh5 Rxd5 29. Qxh7 Ke8 30. Qh8+ Bf8 0-1

[Event "Madrid ch - Previa A"]
[Site "Madrid ESP"]
[Date "2010.11.25"]
[Round "9.13"]
[White "Maseda Iglesias, Luis"]
[Black "Lucia Carpintero, Oscar"]
[Result "1-0"]
[WhiteElo "1787"]
[BlackElo "1668"]
[PlyCount "45"]
[EventDate "2010.11.10"]
[EventType "swiss"]
[EventRounds "9"]
[EventCountry "ESP"]
[Source "lmi"]
[SourceDate "2010.11.10"]

1. d4 Nf6 2. Nf3 e6 3. e3 c5 4. Bd3 cxd4 5. exd4 Be7 6. O-O d5 7. b3 Nc6 8. Bb2
O-O 9. a3 Re8 10. Nbd2 Bd6 11. Ne5 Nd7 12. Bxh7+ Kf8 13. Nxd7+ Bxd7 14. Bd3 Qf6
15. Nf3 Ke7 16. Re1 Rh8 17. Ne5 Qh4 18. Nxc6+ bxc6 19. h3 Rh6 20. Bc1 g5 21.
Qg4 Qxg4 22. hxg4 Rah8 23. Bxg5+ 1-0

[Event "Madrid ch - Previa A"]
[Site "Madrid ESP"]
[Date "2010.11.25"]
[Round "9.14"]
[White "Benitez Cadenas, Luis Miguel"]
[Black "Marcelo De La Mata, Daniel"]
[Result "0-1"]
[WhiteElo "1724"]
[BlackElo "1684"]
[PlyCount "60"]
[EventDate "2010.11.10"]
[EventType "swiss"]
[EventRounds "9"]
[EventCountry "ESP"]
[Source "lmi"]
[SourceDate "2010.11.10"]

1. Nf3 Nf6 2. b3 d6 3. Bb2 e5 4. e3 g6 5. d4 e4 6. Nfd2 c6 7. c4 Bg4 8. Qc2 d5
9. Nc3 Bg7 10. Ba3 Bf8 11. Bxf8 Kxf8 12. Rc1 Be6 13. cxd5 cxd5 14. f3 exf3 15.
Nxf3 Nc6 16. Be2 Kg7 17. O-O Qe7 18. h3 Bf5 19. Qd2 Rhe8 20. Nh4 Be4 21. Nf3
Rad8 22. Ng5 Bf5 23. g4 Nxg4 24. Nxf7 Nxe3 25. Rf3 Kxf7 26. Bd3 Qg5+ 27. Kh1
Nxd4 28. Ne4 dxe4 29. Rc7+ Kf6 30. Rxe3 exd3 0-1

[Event "Madrid ch - Previa A"]
[Site "Madrid ESP"]
[Date "2010.11.25"]
[Round "9.15"]
[White "Fernandez Martinez, Jose"]
[Black "Corredor Gonzalez, Angel L"]
[Result "0-1"]
[WhiteElo "1794"]
[BlackElo "1748"]
[PlyCount "91"]
[EventDate "2010.11.10"]
[EventType "swiss"]
[EventRounds "9"]
[EventCountry "ESP"]
[Source "lmi"]
[SourceDate "2010.11.10"]

1. e4 e5 2. Nf3 Nf6 3. Nxe5 d6 4. Nf3 Nxe4 5. d4 d5 6. Bd3 Nc6 7. O-O Be7 8.
Nbd2 Bg4 9. Nxe4 dxe4 10. Bxe4 f5 11. Bxc6+ bxc6 12. c3 O-O 13. Qd3 Bd6 14. h3
Bh5 15. Ng5 Qe8 16. Qc4+ Kh8 17. Qe6 Qd8 18. Qc4 Qe8 19. Ne6 Rf6 20. Nf4 Bxf4
21. Bxf4 Be2 22. Qb3 Bxf1 23. Kxf1 Rb8 24. Qc2 Qd7 25. Re1 c5 26. dxc5 Qb5+ 27.
Kg1 Qxc5 28. Re5 Qf8 29. b3 Re8 30. Rxe8 Qxe8 31. Qd2 c6 32. Kf1 Re6 33. Be3 a6
34. Bd4 Rg6 35. Qf4 Qc8 36. b4 h6 37. a4 Qe6 38. Qd2 Qe4 39. f3 Qb1+ 40. Kf2
Qh1 41. Bxg7+ Kxg7 42. Qd7+ Kh8 43. Qe8+ Rg8 44. Qe5+ Rg7 45. Qf6 Qxg2+ 46. Ke3
0-1

[Event "Madrid ch - Previa A"]
[Site "Madrid ESP"]
[Date "2010.11.25"]
[Round "9.16"]
[White "Martinez Miura, Enrique"]
[Black "Diaz Begonte, Manuel"]
[Result "0-1"]
[WhiteElo "1733"]
[BlackElo "1781"]
[PlyCount "84"]
[EventDate "2010.11.10"]
[EventType "swiss"]
[EventRounds "9"]
[EventCountry "ESP"]
[Source "lmi"]
[SourceDate "2010.11.10"]

1. e4 d6 2. d4 g6 3. h3 Bg7 4. Nf3 Nd7 5. Nc3 c5 6. Be3 Qb6 7. Rb1 Qa5 8. Qd2
a6 9. Be2 Ngf6 10. O-O O-O 11. Bh6 cxd4 12. Nxd4 Ne5 13. Bxg7 Kxg7 14. Kh1 Nc6
15. Nxc6 bxc6 16. f4 d5 17. b4 Qd8 18. Rbd1 e6 19. Qd4 Kg8 20. g4 Bb7 21. e5
Ne8 22. Rg1 Qh4 23. Kh2 Ng7 24. Qe3 Rfc8 25. Na4 Rd8 26. Nc5 Qe7 27. c3 a5 28.
a3 axb4 29. axb4 Ra2 30. Rd2 Rda8 31. Rxa2 Rxa2 32. Rg2 Bc8 33. Nb3 Qa7 34. Qc1
Qa3 35. Qxa3 Rxa3 36. Bd1 Ba6 37. Rb2 Bb5 38. Kg3 h6 39. Kf2 h5 40. Ke3 Kf8 41.
Kd4 Ke7 42. Be2 Bxe2 0-1

[Event "Madrid ch - Previa A"]
[Site "Madrid ESP"]
[Date "2010.11.25"]
[Round "9.17"]
[White "Algaba Traspuesto, Jose Antonio"]
[Black "Benito Alba, Eladio"]
[Result "0-1"]
[WhiteElo "1717"]
[BlackElo "1761"]
[PlyCount "98"]
[EventDate "2010.11.10"]
[EventType "swiss"]
[EventRounds "9"]
[EventCountry "ESP"]
[Source "lmi"]
[SourceDate "2010.11.10"]

1. f4 Nf6 2. Nf3 d5 3. b3 g6 4. Bb2 Bg7 5. e3 c5 6. Bb5+ Bd7 7. Qe2 a6 8. Bxd7+
Nbxd7 9. O-O e6 10. d3 O-O 11. Nbd2 Rc8 12. c4 b5 13. Ne5 Nxe5 14. Bxe5 Nd7 15.
Bxg7 Kxg7 16. e4 f5 17. e5 Nb6 18. Rad1 Qc7 19. g4 dxc4 20. dxc4 Rcd8 21. gxf5
gxf5 22. Kf2 Kh8 23. Nf3 Rxd1 24. Rxd1 Rd8 25. Ng5 Rxd1 26. Qxd1 Qd7 27. Qxd7
Nxd7 28. Nxe6 Kg8 29. Nc7 bxc4 30. bxc4 a5 31. Nd5 Kf7 32. Ke3 Nb8 33. Kd2 Nc6
34. Nf6 Nd4 35. Kd3 h6 36. Nd7 Ne6 37. Ke3 Ke7 38. Nb6 Nd4 39. Na4 Ne6 40. Nc3
Nd4 41. a4 Nc2+ 42. Kd2 Nd4 43. Nd5+ Ke6 44. Ke3 Nc6 45. Kf3 h5 46. Kg3 Nb4 47.
Kh4 Nxd5 48. cxd5+ Kxd5 49. Kg5 Ke6 0-1

[Event "Madrid ch - Previa A"]
[Site "Madrid ESP"]
[Date "2010.11.25"]
[Round "9.18"]
[White "Kalynovsky, Martin"]
[Black "Castro Uceda, Jose Antonio"]
[Result "1/2-1/2"]
[WhiteElo "1694"]
[BlackElo "1647"]
[PlyCount "115"]
[EventDate "2010.11.10"]
[EventType "swiss"]
[EventRounds "9"]
[EventCountry "ESP"]
[Source "lmi"]
[SourceDate "2010.11.10"]

1. e4 c5 2. Nf3 d6 3. d4 cxd4 4. Nxd4 Nf6 5. Nc3 a6 6. Bc4 e5 7. Nf3 Nc6 8. h3
Be7 9. Bg5 O-O 10. O-O b5 11. Bb3 Bb7 12. Qe2 Na5 13. Bxf6 Bxf6 14. Bd5 Qc7 15.
Bxb7 Qxb7 16. Nd5 Bd8 17. Rad1 Rc8 18. b3 Nc6 19. c3 Ne7 20. Ne3 Rc6 21. Rd3
Ng6 22. Qb2 Nf4 23. Rd2 Be7 24. Rfd1 Rfc8 25. c4 bxc4 26. Nxc4 Qc7 27. Ne1 Rb8
28. Qc2 Ne6 29. Nf3 Nc5 30. Qb1 Na4 31. Qa1 Nb6 32. Nxb6 Rbxb6 33. Rd5 Rc2 34.
Nd2 Rbc6 35. Nc4 Qa7 36. Rf1 Bh4 37. Qe1 Bg5 38. Qb1 Re2 39. g3 h5 40. Kg2 h4
41. g4 Bf4 42. Kf3 Rxc4 43. Kxe2 Rc6 44. Qd3 Qc7 45. Rd1 Rc2+ 46. Kf1 Rxa2 47.
Rxd6 Qa7 48. Qf3 a5 49. Rd8+ Kh7 50. R8d7 Qa6+ 51. Kg1 Qb6 52. Rxf7 Rxf2 53.
Qxf2 Be3 54. Rd3 Bxf2+ 55. Rxf2 Qc6 56. Re2 Qc1+ 57. Kg2 Qc7 58. Rde3 1/2-1/2

[Event "Madrid ch - Previa A"]
[Site "Madrid ESP"]
[Date "2010.11.25"]
[Round "9.19"]
[White "Gonzalo Gonzalez, Francisco"]
[Black "Benito Mellado, Humberto"]
[Result "1-0"]
[WhiteElo "1764"]
[BlackElo "1626"]
[PlyCount "76"]
[EventDate "2010.11.10"]
[EventType "swiss"]
[EventRounds "9"]
[EventCountry "ESP"]
[Source "lmi"]
[SourceDate "2010.11.10"]

1. e4 c5 2. Nf3 d6 3. Bc4 Nf6 4. e5 d5 5. Bb5+ Nfd7 6. Ng5 Nc6 7. e6 Nde5 8.
Qe2 f6 9. Nf7 Nxf7 10. exf7+ Kxf7 11. c3 e5 12. Bd3 e4 13. Bc2 Ne5 14. h3 Bd6
15. O-O Re8 16. Qh5+ Kg8 17. f4 Nd3 18. Bxd3 exd3 19. Qxd5+ Kh8 20. Qxd3 Qb6
21. c4 Qc7 22. Qf3 Bd7 23. Nc3 Bc6 24. Qg4 Re7 25. d3 Rae8 26. Bd2 a6 27. Rac1
Qb6 28. b3 Qd8 29. Rce1 Bd7 30. Qh4 Rxe1 31. Bxe1 Bf5 32. Rf3 Bb8 33. Nd5 Re2
34. Bc3 Re6 35. g4 g5 36. fxg5 Qd6 37. Qf2 Bg6 38. Nxf6 Bxd3 1-0

[Event "Madrid ch - Previa A"]
[Site "Madrid ESP"]
[Date "2010.11.25"]
[Round "9.21"]
[White "Martin Rodriguez, Jose L"]
[Black "Cortijo Manso, Luis"]
[Result "1-0"]
[WhiteElo "1502"]
[BlackElo "1592"]
[PlyCount "91"]
[EventDate "2010.11.10"]
[EventType "swiss"]
[EventRounds "9"]
[EventCountry "ESP"]
[Source "lmi"]
[SourceDate "2010.11.10"]

1. e4 c5 2. Nf3 d6 3. d4 Nf6 4. Nc3 cxd4 5. Nxd4 a6 6. Bg5 e6 7. f4 Be7 8. Qf3
e5 9. Nb3 Nbd7 10. f5 b5 11. a3 Bb7 12. Bxf6 Nxf6 13. Nd5 Bxd5 14. exd5 Qc7 15.
O-O-O Rc8 16. Bd3 Qb7 17. Be4 b4 18. a4 Qd7 19. a5 Qa4 20. Kb1 Bd8 21. Qd3 O-O
22. Qxa6 Bxa5 23. Qxa5 Qxa5 24. Nxa5 Nxe4 25. Rhf1 Nf6 26. Nc6 Nxd5 27. Rxd5
Rxc6 28. Rfd1 Rd8 29. Rxe5 f6 30. Red5 Kf7 31. R1d4 Rb6 32. Rd3 h6 33. g4 Rd7
34. h4 Rd8 35. R3d4 Rd7 36. Rd3 Ke7 37. Re3+ Kd8 38. c4 Re7 39. Rxe7 Kxe7 40.
Rb5 Rxb5 41. cxb5 Kd7 42. Kc2 Kc7 43. Kb3 Kb7 44. Kxb4 Kb6 45. Kc4 Kc7 46. Kd5
1-0